Biggest Cities Starting with O - Statistics

General Stats
  • This quiz has been taken 22,694 times
    20,156 since last reset
  • The average score is 7 of 11
Answer Stats
Country Population City % Correct
Japan 17.7 mil Osaka
97%
Norway 1.26 mil Oslo
97%
Canada 1.33 mil Ottawa
91%
United States 3.80 mil Orlando
73%
Ukraine 1.10 mil Odessa
72%
Burkina Faso 3.30 mil Ouagadougou
67%
United States 1.20 mil Oklahoma City
49%
Algeria 1.60 mil Oran
43%
Russia 1.16 mil Omsk
39%
Japan 2.18 mil Okayama
16%
Nigeria 1.20 mil Onitsha
9%
No matching quizzes found
Score Distribution
Percent of People with Each Score
Percentile by Number Answered
Your Score History
You have not taken this quiz since the last reset